Intertidal ecology

Αποθηκεύτηκε σε:
Λεπτομέρειες βιβλιογραφικής εγγραφής
Κύριος συγγραφέας: Raffaelli, D. G. (Dave G.)
Άλλοι συγγραφείς: Hawkins, S. J. (Stephen J.)
Μορφή: Βιβλίο
Γλώσσα:English
Δημοσίευση: Dordrecht : Chapman & Hall, c1999
Θέματα:
Ετικέτες: Προσθήκη ετικέτας
Δεν υπάρχουν, Καταχωρήστε ετικέτα πρώτοι!

MARC

LEADER 00000nam a2200000 i 4500
001 1/103704
008 000301s1999 eng d
020 |a 0-412-29950-X 
035 |l 10058574 
040 |a GR-MY-UA  |b gre  |e aacr 
041 0 |a eng 
082 0 |a 577.696 
100 1 |a Raffaelli, D. G.  |q (Dave G.) 
245 1 0 |a Intertidal ecology /  |c David Raffaelli and Stephen Hawkins 
260 |a Dordrecht :   |b Chapman & Hall,   |c c1999 
300 |a x, 356σ  |b εικ. 
504 |a Περιέχει βιβλιογραφία και ευρετήριο 
650 0 0 |a Intertidal ecology. 
700 1 |a Hawkins, S. J. (Stephen J.) 
852 |a INST  |b LESVOS  |e 20000301  |h 577.696 RAF  |p 005100023635  |q 005100023635  |t BK  |y 0 
852 |a INST  |b LESVOS  |e 20030605  |h 577.696 RAF  |p 005100025408  |q 005100025408  |t BK  |y 0 
901 |a BIBL1-2000-1 
909 |a Λ  |b 074168 
909 |a Λ  |b 105311 
920 |a ΜΑΝΤΕΝΛΙΟΓΛΟΥ  |b Σ.  |y ΛΕΣΒΟΣ  |z 2003-06 
922 |a 1ΕΛΗ  |b 200001  |c ΚΠΣ/ΤΠ  |d GLORY 
950 |a 107-1999-12-21 
970 |a ΤΖΑΦΕΡΗ  |b ΕΥΑΓΓΕΛΙΑ  |z 2000/03/10